000 00373nam a2200145Ia 4500
008 230917s9999||||xx |||||||||||||| ||und||
040 _e120893
_aMAIN
041 _aEnglish
082 _a823.08 L139J:N
100 _aNityanandam, Indira
245 0 _aJhumpa Lahiri: the tale of the dias pora
260 _aNew Delhi
_bCreative
_c2005
300 _a116p. p.
942 _cBK
999 _c132202
_d132202